MARC

LEADER 00000nam0a2200000 4500
001 302934
005 20231102001543.0
035 |a (RuTPU)RU\TPU\book\328151 
090 |a 302934 
100 |a 20150827d1974 m y0rusy50 ca 
101 0 |a rus 
102 |a RU 
105 |a a j 001zy 
200 1 |a Основы импульсной и вычислительной техники  |e учебник для техникумов  |f П. М. Грицевский, А. Е. Мамченко 
210 |a Москва  |c Советское радио  |d 1974 
215 |a 296 с.  |c ил. 
320 |a Библиогр.: с. 293. 
606 1 |a Импульсная техника  |2 stltpush  |3 (RuTPU)RU\TPU\subj\12426  |9 39207 
610 1 |a вычислительная техника 
610 1 |a импульсные преобразователи 
610 1 |a электрические импульсы 
610 1 |a диодные схемы 
610 1 |a триггеры 
610 1 |a мультивибраторы 
610 1 |a ферромагнитные сердечники 
610 1 |a цифровые вычислительные машины 
610 1 |a арифметические устройства 
610 1 |a запоминающие устройства 
610 1 |a контроль 
610 1 |a эксплуатация 
610 1 |a учебники 
675 |a 621.374(075.3)  |v 3 
700 1 |a Грицевский  |b П. М.  |g Павел Моисеевич 
701 1 |a Мамченко  |b А. Е.  |g Александр Евгеньевич 
801 1 |a RU  |b 63413507  |c 20150827 
801 2 |a RU  |b 63413507  |c 20210329  |g RCR 
942 |c BK